| 000 | 00555nam a2200169 i 4500 | ||
|---|---|---|---|
| 001 | 97029 | ||
| 003 | ES-MaACL | ||
| 005 | 20230906182026.0 | ||
| 007 | t| | ||
| 008 | 050705s1966 sp ||||1| spa d | ||
| 245 | 0 | 0 |
_aManual de laboratorio para Química _b: una ciencia experimental / _c[versión Rafael Usón; revisada por Agustín Ripoll]. |
| 260 |
_aBarcelona : _bReverté, _c1966. |
||
| 300 |
_aXIV, 159 p. : _bil. ; _c25 cm. |
||
| 700 | 1 |
_aUsón Lacal, Rafael. _9112311 |
|
| 700 | 1 |
_aRipoll, Agustín. _997422 |
|
| 852 |
_aES-MaACL _jC-32347 _bR.62580 |
||
| 999 |
_c97029 _d97029 |
||